| 000 | 00531nam a2200181 i 4500 | ||
|---|---|---|---|
| 001 | bg | ||
| 245 | 0 |
_aEkonomia / _c[red. zesz. Marek Brzeziński]. |
|
| 260 |
_aLublin, _c1990. |
||
| 490 | 1 |
_aPrace Naukowe Politechniki Lubelskiej. Ekonomika ; _v10 |
|
| 500 | _aNumeracja ser. gł. : 203. | ||
| 700 | 1 |
_aBrzeziński, Marek _d(1949- ). _eRed. |
|
| 830 | 0 |
_aPrace Naukowe Politechniki Lubelskiej. _pEkonomika ; _v10 |
|
| 040 | _cBPK | ||
| 041 | _apol | ||
| 080 | _a338 | ||
| 942 | _cKS | ||
| 008 | s pl f |000 0 pol | ||
| 999 |
_c29512 _d29512 |
||
| 856 |
_uhttp://koha.tu.koszalin.pl/cgi-bin/koha/opac-detail.pl?biblionumber=29512 _yKatalog online BPK |
||